00354nam a2200133Ia 4500008004000000020001800040082001700058100002500075245004500100250000500145260003400150300001100184650002500195210210b1986 xxu||||| |||| 00| 0 eng d a0 419 14060 3 a790.069 TORL aTORKILDSEN (George). aLeisure and recreation management. Ed 2. a aLondon.bE & F N Spon.,c1986 axx,525 aLeisure Recreation